000 00596nam a2200205Ia 4500
005 20260415160333.0
008 008 250505s9999 xx 000 0 eng d
037 _aTextual
040 _aFEDL
_beng
_cFEDL
041 _aeng
_2eng
084 _a155.2 ENG
_qFEDL
100 _aEnglish O. Spurgeon
_91234859
245 0 _aEmotional problems of living
260 _aLondon, UK
_bGeorge Allen and Unwin Ltd
_c1947
300 _a438p.
650 _aPersonality
700 _a Pearson Gerald H. J.
_9756095
942 _cTEXL
_h155.2 ENG
999 _c1321809
_d1321809